00902nab a22002177a 4500003000400000005001700004008004100021040000700062100002800069245014500097260007200242300001300314500005000327505009000377650002000467650001200487650001100499650002000510650002200530773013200552OSt20260116164806.0190605e xxu||||| |||| 00| 0 spa d cPJ aGómez Orellano, Julio10aComentario al (nuevo) art. 242 LCT, reformado por la Ley Bases 27.742 sobre los despidos por bloqueos o piquetes /cJulio Gómez Orellano.  aCiudad Autónoma de Buenos Aires :bThomson Reuters La Ley,c2025. ap. 46-49 aCita Online: Cita: TR LALEY AR/DOC/859/2025. t¿Te interesa el texto completo? Solicitalo al correo: koha@justierradelfuego.gov.ar  0aDERECHO LABORAL 0aDESPIDO 0aHUELGA 0aTUTELA SINDICAL 0aLIBERTAD SINDICAL0 02711dCiudad Autónoma de Buenos Aires : Thomson Reuters La Ley, 1999-2002.tRevista de derecho del trabajo. Nº 3 - Mayo 2025